|
|
|
|
| LEADER |
01546nam a22003734a 4500 |
| 001 |
EBC244228 |
| 003 |
MiAaPQ |
| 005 |
20200520144314.0 |
| 006 |
m o d | |
| 007 |
cr cn||||||||| |
| 008 |
030527s2004 nyua sb 001 0 eng |
| 020 |
|
|
|z 0789015684 (hard : alk. paper)
|
| 020 |
|
|
|z 0789015692 (soft : alk. paper)
|
| 035 |
|
|
|a (MiAaPQ)EBC244228
|
| 035 |
|
|
|a (Au-PeEL)EBL244228
|
| 035 |
|
|
|a (CaPaEBR)ebr10394428
|
| 035 |
|
|
|a (CaONFJC)MIL263986
|
| 035 |
|
|
|a (OCoLC)437160019
|
| 040 |
|
|
|a MiAaPQ
|c MiAaPQ
|d MiAaPQ
|
| 050 |
|
4 |
|a HC79.C6
|b S265 2004
|
| 082 |
0 |
4 |
|a 658.8/12
|2 21
|
| 100 |
1 |
|
|a Schuster, Camille Passler,
|d 1950-
|
| 245 |
1 |
4 |
|a The consumer-- or else!
|h [electronic resource] :
|b consumer-centric business paradigms /
|c Camille P. Schuster, Donald F. Dufek.
|
| 260 |
|
|
|a New York :
|b International Business Press,
|c c2004.
|
| 300 |
|
|
|a xix, 169 p. :
|b ill. (some col.).
|
| 504 |
|
|
|a Includes bibliographical references (p. 155-161) and index.
|
| 505 |
0 |
|
|a Rationale -- Elements of the consumer-centric business paradigm -- Collaborative business processes -- Real world applications.
|
| 533 |
|
|
|a Electronic reproduction. Ann Arbor, MI : ProQuest, 2015. Available via World Wide Web. Access may be limited to ProQuest affiliated libraries.
|
| 650 |
|
0 |
|a Consumption (Economics)
|
| 650 |
|
0 |
|a Customer relations.
|
| 655 |
|
4 |
|a Electronic books.
|
| 700 |
1 |
|
|a Dufek, Donald F.
|
| 710 |
2 |
|
|a ProQuest (Firm)
|
| 856 |
4 |
0 |
|u https://ebookcentral.proquest.com/lib/matrademy/detail.action?docID=244228
|z Click to View
|